000 01621nam a2200457 i 4500
001 ELB80220
003 FINmELB
005 20250326043717.0
006 m o u
007 cr cn|||||||||
008 200229s2011 ec o 001 0 spa d
020 _z9789978845745
020 _a9789978847237
_q(e-book)
035 _a(OCoLC) 992110579
040 _aFINmELB
_bspa
_erda
_cFINmELB
050 4 _aGN25
_bM257 2011
080 _a39
082 0 _a301
_223
100 1 _aMalo González, Claudio.
245 1 0 _aQué es el ser humano? :
_buna mirada desde la Antropología /
_cClaudio Malo González.
264 1 _aQuito :
_bCorporación Editora Nacional,
_c2011.
300 _a1 recurso en línea (222 páginas)
336 _atexto
_btxt
_2rdacontent/spa
337 _acomputadora
_bc
_2rdamedia/spa
338 _arecurso en línea
_bcr
_2rdacarrier/spa
490 1 _aBiblioteca de Ciencias Sociales
500 _aContiene índice.
588 _aDescripción basada en metadatos suministrados por el editor y otras fuentes.
590 _aRecurso electrónico. Santa Fe, Arg.: elibro, 2020. Disponible vía World Wide Web. El acceso puede estar limitado para las bibliotecas afiliadas a elibro.
650 0 _aAnthropology.
650 0 _aHuman beings.
650 4 _aAntropología.
650 4 _aEspecie humana.
655 4 _aLibros electrónicos.
797 2 _aelibro, Corp.
830 0 _aBiblioteca de Ciencias Sociales.
856 4 0 _uhttps://elibro.net/ereader/usam/80220
999 _c151314
_d151314